| 000 | 01156nam a22002415a 4500 | ||
|---|---|---|---|
| 003 | OSt | ||
| 005 | 20170228111556.0 | ||
| 008 | 170226s2007 ua frb 000 0 ara d | ||
| 015 | _a2007 / 26835 | ||
| 020 | _a9789770454864 | ||
| 040 |
_aEG-ScBUE _bara _cEG-ScBUE |
||
| 082 | 0 | 4 |
_a342.083 _bن ا ص _222 |
| 100 | 1 | _aناصف، حسام الدين فتحي. | |
| 245 | 1 | 0 |
_aنظام الجنسية في القانون المقارن : _bدراسة لملامح فكرة الجنسية، وكيفية التمتع بالجنسية الأصلية والمكتسبة وأحكام فقدها واستردادها ومشكلات الجنسية في التشريعات العربية والأجنبية والاتفاقيات الدولية / _cحسام الدين فتحي ناصف. |
| 260 |
_aالقاهرة : _bدار النهضة العربية، _c2007. |
||
| 300 |
_a345 ص. ؛ _c24 سم. |
||
| 504 | _aيشتمل على إرجاعات ببليوجرافية. | ||
| 650 | 7 |
_aالجنسية _xقوانين وتشريعات. _2BUEsh |
|
| 650 | 7 |
_aالقانون المقارن. _2BUEsh |
|
| 651 | _2BUEsh | ||
| 653 |
_bLLAAWW _cFebruary2017 |
||
| 942 | _2ddc | ||
| 999 |
_c24277 _d24249 |
||